| 000 | 00000nam##2200000za#4500 |
| 001 | 9.581051 |
| 003 | CaOODSP |
| 005 | 20210624191332 |
| 007 | cr ||||||||||| |
| 008 | 150406|2009||||xxc|||||o f|0| 0 eng|d |
| 022 | |a1701-1280 |
| 040 | |aCaOODSP|beng |
| 043 | |an-cn--- |
| 086 | 1 |aFs70-4/2009-037E-PDF |
| 110 | 1 |aCanada. |bDepartment of Fisheries and Oceans. |
| 245 | 10|aProceedings of the Pacific Scientific Advice Review Committee (PSARC) Pelagic Subcommittee Meeting: Stock assessment and management advice for BC herring fishery, 2009 assessment and 2010 forecasts and herring multi-stock analysis : |h[electronic resource]|bSeptember 2, 2009, Pacific Biological Station, Nanaimo, BC / |cLinnea Flostrand. |
| 260 | |aNanaimo - British Columbia : |bFisheries and Oceans Canada |cDecember 2009. |
| 300 | |a26p.|breferences, tables |
| 490 | 1 |aCanadian Science Advisory Secretariat proceedings series|x1701-1280|v2009/037 |
| 590 | |a14-20-Supp|b2014-11-25 |
| 830 | #0|aProceedings series (Canadian Science Advisory Secretariat)|x1701-1280|v2009/037|w(CaOODSP)9.506483 |
| 856 | 40|ahttp://publications.gc.ca|qPDF|s112 KB|uhttps://publications.gc.ca/collections/collection_2014/mpo-dfo/Fs70-4-2009-037-eng.pdf|y2009/037 |